Artificial Intelligence in Education : 15th International Conference, AIED 2011, Auckland, New Zealand, June 28 - July 2, 2011, Proceedings /

-д хадгалсан:
Номзүйн дэлгэрэнгүй
Үндсэн зохиолч: Gautam Biswas, Susan Bull, Judy Kay, Antonija Mitrovic (edición)
Формат: Ном
Хэл сонгох:англи
Хэвлэсэн: Berlín, Alemania : Springer, 2011, c2011
Цуврал:(Lecture Notes in Computer Science)
Онлайн хандалт:Ver documento en línea
Шошгууд: Шошго нэмэх
Шошго байхгүй, Энэхүү баримтыг шошголох эхний хүн болох!

MARC

LEADER 00000nam^a22000000a04500
001 000611125
009 20260411195615.96
020 |a 978-3-642-21869-9 
022 |a 1611-3349 
037 |a Acervo ITESO - Biblioteca 
041 |a ING 
082 |a Libro en línea 
100 |a Gautam Biswas, Susan Bull, Judy Kay, Antonija Mitrovic  |e (edición) 
245 |a Artificial Intelligence in Education :  |b 15th International Conference, AIED 2011, Auckland, New Zealand, June 28 - July 2, 2011, Proceedings / 
264 4 |a Berlín, Alemania :  |b Springer,  |c 2011, c2011 
264 2 |a Cham, Suiza :  |b Springer Link [distribución],  |c 2025 
300 |a 1 libro electrónico en línea (XXVI, 638 p.) 
300 |a 1 recurso en línea 
336 |a datos para computadora  |b cod  |2 rdacontenido 
337 |a computadora  |b c  |2 rdamedio 
338 |a recurso en línea  |b cr  |2 rdasoporte 
440 |a (Lecture Notes in Computer Science) 
506 0 |a Licencias ilimitadas 
567 |a Catalogación rápida 
649 |a XX 
856 4 0 |u https://link-springer-com.ezproxy.iteso.mx/10.1007/978-3-642-21869-9  |y Ver documento en línea 
910 |a Fondo General 
920 |a Electrónicos - Libros en Línea 
930 |a Plataforma Digital 
905 |a 205 
902 |a https://opac.biblio.iteso.mx/vufind/Record/000611125